[Event "IECC CL5-1999.16 "]
[Site "IECC email"]
[Date "1999.05.31"]
[Round "?"]
[White "Cross, Andrew"]
[Black "Goldberg, Marc"]
[Result "1-0"]
[WhiteElo "1441"]
[BlackElo "1500"]
[PlyCount "37"]
[EventDate "1999.??.??"]
[EventType "tourn (corr)"]
[EventRounds "4"]
[SourceTitle "Corr 2008"]
[Source "ChessBase"]
[SourceDate "2008.06.24"]
[SourceVersion "1"]
[SourceVersionDate "2008.06.24"]
[SourceQuality "1"]

1. e4 e5 2. f4 d5 3. exd5 Qxd5 4. Nc3 Qc5 5. Nf3 Bg4 6. fxe5 Nd7 7. d4 Qe7 8. Bc4 Qh4+ 9. Nxh4 Bxd1 10. Kxd1 0-0-0 11. Bd2 Bb4 12. Nf3 c5 13. Ne4 Bxd2 14. Kxd2 Nb6 15. Bxf7 Ne7 16. Nxc5 Nf5 17. Be6+ Kc7 18. Bxf5 g6 19. Ne6+ 1-0

[Event "IECC CL5-1999.16 "]
[Site "IECC email"]
[Date "1999.05.31"]
[Round "?"]
[White "Julian Barrachina, Luis"]
[Black "Goldberg, Marc"]
[Result "1-0"]
[WhiteElo "1276"]
[BlackElo "1482"]
[PlyCount "67"]
[EventDate "1999.??.??"]
[EventType "tourn (corr)"]
[EventRounds "4"]
[SourceTitle "Corr 2008"]
[Source "ChessBase"]
[SourceDate "2008.06.24"]
[SourceVersion "1"]
[SourceVersionDate "2008.06.24"]
[SourceQuality "1"]

1. g3 d5 2. Nf3 Bg4 3. d4 Nc6 4. Bg2 e6 5. 0-0 Nf6 6. Be3 Bd6 7. Nc3 h5 8. Nh4 Ne4 9. Nxe4 dxe4 10. Bxe4 Be7 11. Qd3 Bxh4 12. gxh4 Qf6 13. Bg5 Qxd4 14. Bxc6+ Kf8 15. Qxd4 bxc6 16. Qc5+ Kg8 17. f3 Bh3 18. Qxc6 Kh7 19. Rfd1 f6 20. Be3 Rae8 21. Qxc7 e5 22. Bxa7 e4 23. a4 exf3 24. exf3 Rhg8 25. b4 Kh6 26. Qf7 Be6 27. Be3+ g5 28. Qxf6+ Rg6 29. hxg5+ Kh7 30. Rd7+ Bxd7 31. Qf7+ Rg7 32. g6+ Kh8 33. Bd4 Re7 34. Bxg7# 1-0